Los Años noventa: ¿Desarrollo con equidad? /

Los países de América Latina se encuentran ante una problemática difícil, donde los desafíos son enormes. La reinserción dinámica de las econonomías latinoamericanas en la economía internacional exige procesos de modernización y la aceleración y difusión del progreso técnico en grados cuya viabilida...

Volledige beschrijving

Bewaard in:
Bibliografische gegevens
Hoofdauteur: Gurrieri, Adolfo
Andere auteurs: Torres Rivas, Edelberto, coord
Formaat: Onbekend
Gepubliceerd in: San José: FLACSO. CEPAL
Onderwerpen:
Tags: Voeg label toe
Geen labels, Wees de eerste die dit record labelt!

MARC

LEADER 00000 a2200000 04500
001 6209
003
008 991231s d
040
090 |a 115202  
100 |a Gurrieri, Adolfo  
245 |a Los Años noventa: ¿Desarrollo con equidad? /  |c Adolfo Gurrieri 
260 |a San José:   |b FLACSO. CEPAL  
300 |a 378 p  
500 |a Publicado en la Revista de la CEPAL, n. 40  
520 |a Los países de América Latina se encuentran ante una problemática difícil, donde los desafíos son enormes. La reinserción dinámica de las econonomías latinoamericanas en la economía internacional exige procesos de modernización y la aceleración y difusión del progreso técnico en grados cuya viabilidad no está segurada, mucho menos bajo la exigencia de transferir recursos al mundo desarrollado y la perspectiva de ajuste endémico. Por lo tanto se necesita que las políticas incorporen la necesidad de un ajuste permanente a circunstancias internas y externas cambiantes e incluyan elementos estables de promoción del cambio estructural y de garantía a la equidad. Más profundamente, si se quiere asegurar un futuro más promisorio para las diferentes poblaciones de la región, se indica que no basta con la sola reanudación del crecimiento se impone la reorientación del desarrollo hacia un estilo más equitativo con elementos estructurales que convierten las disrupciones de los procesos de modernización en una cooperación para la integración. En ese plano las posiciones contrapuestas de pesimismo y optimismo, son difíciles de apreciar. Se finaliza señalando que las utopías deben de ser contrastadas con los márgenes de factibilidad, pero no por ello pueden dejar de ser el punto o aspecto que tensa la acción. OB/LOB  
650 |a ESTRATEGIA DEL DESARROLLO  
650 |a IDEOLOGIAS  
650 |a DESARROLLO ECONOMICO Y SOCIAL  
650 |a PAISES EN DESARROLLO  
650 |a JUSTICIA SOCIAL  
650 |a AJUSTE ESTRUCTURAL  
650 |a NEOLIBERALISMO  
650 |a POBREZA  
650 |a CONDICIONES DE VIDA  
650 |a PARTICIPACION SOCIAL  
650 |a ASALARIADOS  
650 |a CAMBIO TECNOLOGICO  
700 |a Torres Rivas, Edelberto  
700 |a coord  
999 |c 13773  |d 13773